| 000 | 00372nam a2200145Ia 4500 | ||
|---|---|---|---|
| 008 | 240624s9999 xx 000 0 und d | ||
| 041 | _aeng | ||
| 082 | _a659.2 CEN | ||
| 100 | _aCENTER ALAN H | ||
| 245 | _aPUBLIC RELATIONS PRACTICES MANAGERIAL CA | ||
| 250 | _a(6ht ed.) | ||
| 260 |
_c2002 _aNew Delhi _bPrentice-Hall |
||
| 300 | _axvi, : 418 : p. : cm. ; 25 | ||
| 365 | _cRS | ||
| 999 |
_c422 _d422 |
||